Statistics for Fastest 100m Sprinters In History

Click here to take the quiz!

General Stats

  • This quiz has been taken 298 times
  • The average score is 8 of 21

Answer Stats

PositionGenderTime (seconds)NationalityAnswer% Correct
1M9.58JamaicaUsain Bolt
100%
4M9.72JamaicaAsafa Powell
76%
2M9.69USATyson Gay
76%
6M9.79USAJustin Gatlin
69%
2M9.69JamaicaYohan Blake
66%
9M9.84CanadaDonovan Bailey
48%
6M9.79USAMaurice Greene
48%
1F10.49USAFlorence Griffith-Joyner
43%
5M9.78JamaicaNesta Carter
39%
4F10.70JamaicaShelly-Ann Fraser-Pryce
39%
3F10.65USAMarion Jones
28%
9M9.84CanadaBruny Surin
21%
2F10.64USACarmelita Jeter
21%
6F10.74JamaicaMerlene Ottey
20%
8F10.76JamaicaVeronica Campbell-Brown
20%
5F10.73FranceChristine Arron
14%
10F10.77BulgariaIvet Lalova
11%
8M9.80JamaicaSteve Mullings
10%
8F10.76USAEvelyn Ashford
9%
7F10.75JamaicaKerron Stewart
8%
10F10.77RussiaIrina Privalova
8%

Score Distribution

Percentile by Number Answered

Percent of People with Each Score

Your Score History

You have not taken this quiz